Dois ratos em viagem (Registo nº 2647)

Detalhes MARC
000 -Etiqueta do registo
Cabeçalho 00745nam a22002531 4500
005 - Identificador da versão
Campo de controlo 20240813121940.0
100 ## - Dados gerais de processamento
Dados gerais de processamento 19930622d1969 c y0pory500305 ba
102 ## - Pais de publicação ou produção
País de publicação Portugal
101 0# - Língua de publicação
Língua do texto, banda sonora, etc. Português
106 ## - Campo de dados codificados: material textual
Dados codificados do material textual r
105 ## - Campo de dados codificados: livros
Dados codificados dos livros a z 000fy
215 ## - Descrição física 
Indicação específica da natureza do documento e extensão da espécie 9 fl.
Outras indicações físicas il.
Dimensões 19 x 21 cm
200 1# - Titulo e menção de responsabilidade
Título próprio Dois ratos em viagem
Primeira menção de responsabilidade texto de Ricardo Alberty
Outras menções de responsabilidade il. Iliane Roels
225 2# - Colecção 
Título próprio da colecção ABC.
Nome de uma parte ou secção Animais em família
Indicação de volume 2
210 ## - Publicação, Distribuição, etc. 
Lugar da edição, distribuição, etc. Lisboa
Nome do editor, distribuidor, etc. Editorial Verbo
Data da publicação, distribuição, etc. [D.L. 1969]
606 ## - Nome comum usado como assunto
Número de registo de entrada de autoridade 0000029
Palavra de ordem Literatura portuguesa infantil
Subdivisão de assunto Conto
675 ## - Classificação Decimal Universal (CDU)
Notação 821.134.3-34
Edição
Língua da edição por
702 #1 - Nome de autor-pessoa física (responsabilidade secundária)
Número de registo de entrada de autoridade 0001466
Palavra de ordem Roels
Outra parte do nome não tomada para palavra de ordem Iliane
Código de função Ilustrador / Técnico de desenho computorizado
700 #1 - Nome de autor-pessoa física (responsabilidade principal)
Número de registo de entrada de autoridade 0000596
Palavra de ordem Alberty
Outra parte do nome não tomada para palavra de ordem Ricardo
Datas 1919-1992
942 ## - Elementos de entrada adicionados (Koha)
Tipo de item no Koha Livro
Exemplares
Situação do levantamento Origin of item (home branch) (coded) Biblioteca de empréstimo Código de barras Cota Circulation type (not for loan) Tipo de documento Nota do exemplar Damaged status
  Biblioteca Escolar da Coca Maravilhas Biblioteca Escolar da Coca Maravilhas BECM1963/93 8POR ALB   Livro Sem mensagem